000 01003nam a2200253Ia 4500
003 OSt
005 20221005110537.0
006 a|||||r|||| 00| 0
007 ta
008 221004b |||||||| |||| 00| 0 hin d
020 _a8177143263 (hbk)
_c800
024 _a93717
037 _b417, 23/03/2009, Swaraj Prakashan
_cTextual
040 _aCRL
_cCRL
_bhin
041 _2hin
_ahin
082 _aY:4.2, 152P8
100 _aविद्यार्थी, प्रभु नारायण
245 0 _aसत्ता की साजिश और पाखण्ड का मकड़जाल
246 _aSattā kī sājish aur pākhaṇḍa kā makaड़jāla
260 _aनई दिल्ली
_bप्रकाशन संस्थान भारत
_c2008
300 _a296पृ0
_ccm.
942 _hY:4.2, 152P8
_cTEXL
_2cc
999 _c1019148
_d1019148